Имидж лидера: технология создания и продвижения: тренинговая программа

Opis bibliograficzny
1. autor: Бухаркова О. В. Ольга Валерьевна
Kolejni autorzy: Горшкова Е. Г. Екатерина Геннадьевна
Streszczenie:Практический материал для проведения тренинга по созданию личного бренда руководителя-лидера и обучению навыкам позиционирования и самопродвижения. В книге обсуждаются: теоретические и практические основы лидерских имиджевых технологий; технологии и навыки формирования и продвижения личного бренда руководителя; навыки и технологии управления мнением значимых лиц; присоединение личного бренда к бренду организации. Материал основан на синтезе современных теорий лидерства, PR-технологий, техник влияния и самопозиционирования, техник коучинга, техник НЛП и гештальт-техник. Особую практическую ценность книга представляет для тренеров крупных компаний и организаций, тренеров-консультантов, специалистов по оценке и обучению персонала компаний, специалистов PR-служб крупных компаний для создания проектов внутренней PR-политики компаний.
Język:rosyjski
Wydane: СПб., Речь, 2007
Hasła przedmiotowe:
Format: Książka
KOHA link:https://koha.lib.tpu.ru/cgi-bin/koha/opac-detail.pl?biblionumber=114161

MARC

LEADER 00000nam0a2200000 4500
001 114161
005 20231031122150.0
010 |a 5926805457 
035 |a (RuTPU)RU\TPU\book\123462 
090 |a 114161 
100 |a 20070419d2007 km y0rusy50 ca 
101 0 |a rus 
102 |a RU 
105 |a y z 000zy 
200 1 |a Имидж лидера: технология создания и продвижения  |e тренинговая программа  |f О. В. Бухаркова, Е. Г. Горшкова 
210 |a СПб.  |c Речь  |d 2007 
215 |a 222 с. 
330 |a Практический материал для проведения тренинга по созданию личного бренда руководителя-лидера и обучению навыкам позиционирования и самопродвижения. В книге обсуждаются: теоретические и практические основы лидерских имиджевых технологий; технологии и навыки формирования и продвижения личного бренда руководителя; навыки и технологии управления мнением значимых лиц; присоединение личного бренда к бренду организации. Материал основан на синтезе современных теорий лидерства, PR-технологий, техник влияния и самопозиционирования, техник коучинга, техник НЛП и гештальт-техник. Особую практическую ценность книга представляет для тренеров крупных компаний и организаций, тренеров-консультантов, специалистов по оценке и обучению персонала компаний, специалистов PR-служб крупных компаний для создания проектов внутренней PR-политики компаний. 
610 1 |a психология 
610 1 |a управление 
610 1 |a руководители 
610 1 |a лидеры 
610 1 |a лидерство 
610 1 |a лидерские качества 
610 1 |a создание 
610 1 |a продвижение 
610 1 |a имидж 
610 1 |a личный бренд 
610 1 |a психологические тренинги 
610 1 |a практикумы 
686 |a Ю954  |v LBC/SL-A  |2 rubbk 
686 |a У9(2)212  |v LBC/SL-A  |2 rubbk 
700 1 |a Бухаркова  |b О. В.  |g Ольга Валерьевна 
701 1 |a Горшкова  |b Е. Г.  |g Екатерина Геннадьевна 
801 1 |a RU  |b 63413507  |c 20070419  |g PSBO 
801 2 |a RU  |b 63413507  |c 20120526  |g PSBO 
900 |a Имиджелогия 
900 |a Психология лидерства 
900 |a Психология лидерства и руководства 
942 |c BK